| 000 | 00674nam a2200241 i 4500 | ||
|---|---|---|---|
| 001 | bg | ||
| 100 | 1 | _aFALK, Bennet. | |
| 245 | 1 | 0 |
_aInternet / _cBennett Falk ; [tł. z ang. Marek Konopka]. |
| 260 |
_aGliwice : _bHELION, _c1997. |
||
| 300 |
_a240 s. : _brys. ; _c24 cm. |
||
| 504 | _aIndeks. | ||
| 630 | 0 | 9 | _aINTERNET |
| 655 | _aPoradniki | ||
| 700 | 1 |
_aKONOPKA, Marek. _eTł. |
|
| 020 | _a8386718471 | ||
| 040 | _cBPK | ||
| 041 | 0 |
_apl _hen |
|
| 080 | _a681.324 | ||
| 920 | _a83-86718-47-1 | ||
| 942 | _cKS | ||
| 008 | s pl f |000 0 pol | ||
| 856 |
_uhttp://koha.tu.koszalin.pl/cgi-bin/koha/opac-detail.pl?biblionumber=24969 _yKatalog online BPK |
||
| 999 |
_c24969 _d24969 |
||